banner-ar

CONSERVATORIES AND GARDEN ROOMS / (Record no. 17683)

MARC details
000 -الفاتح
حقل البيانات ثابتة الطول 00489nam a2200193Ia 4500
008 - عناصر البيانات ثابتة الطول - معلومات عامة
حقل البيانات ثابتة الطول 140319s9999 xx 000 0 eng d
040 ## - مصدر الفهرسة
وكالة الفهرسة الأصلية GCL /
وكالة النسخ GCL
082 04 - رقم تصنيف ديوى العشرى
رقم التصنيف 635.965
رقم المادة C C
100 1# - المدخل الرئيسى - إسم شخصى
الإسم الشخصى CONDER, SUSAN
245 10 - بيان العنوان
العنوان CONSERVATORIES AND GARDEN ROOMS /
بيان المسئوليه,etc CONDER, SUSAN
700 1# - المدخل الاضافى - اسم شخصى
الإسم الشخصى JOHNSON, DONOLD
260 ## - PUBLICATION, DISTRIBUTION, ETC. (IMPRINT)
تاريخ النشر أو التوزيع 1990
300 ## - الوصف المادى
التعداد 134
650 04 - المدخل الاضافى بالموضوع-مصطلح موضوعى
مصطلح موضوعي DECORATION
650 04 - المدخل الاضافى بالموضوع-مصطلح موضوعى
مصطلح موضوعي GARDENS
650 04 - المدخل الاضافى بالموضوع-مصطلح موضوعى
مصطلح موضوعي HOUSES
942 ## - عناصر المدخل الإضافي( كوها)
مصدر التصنيف او مخطط الترفيف Dewey Decimal Classification
Koha [default] item type كتاب
260 ## - PUBLICATION, DISTRIBUTION, ETC. (IMPRINT)
-- [S.N] :
-- TIGER BOOKS INTERNATIONAL ،
Holdings
حالة التراجع حالة الفقد حالة تلف ليس للاعارة المكان المؤقت الموقع الحالى تاريخ الاكتساب اجمالي اﻻعارات رقم الطلب الباركود تاريخ اخر مشاهدة تاريخ تفعيل السعر نوع وعاء كوها
        مكتبة القاهرة الكبرى مكتبة القاهرة الكبرى 03/26/2014   635.965\C C 31913 03/26/2014 03/26/2014 كتاب

Powered By

EGPV